Umformtechnisches Kolloquium in Darmstadt : Konf. 13.-14.Marz 1991
Saved in:
| Format: | Book |
|---|---|
| Language: | German |
| Published: |
Darmstadt :
Inst.für Produktionstechnik,
1991
|
| Tags: |
No Tags, Be the first to tag this record!
|
MARC
| LEADER | 00000nam a22000003a 4500 | ||
|---|---|---|---|
| 001 | stu31992 | ||
| 005 | 20150408180949.5 | ||
| 008 | 950221s1991----gw------------------ger-d | ||
| 040 | |a STU |b slo | ||
| 041 | 0 | |a ger | |
| 044 | |a gw | ||
| 080 | |a 621.77 | ||
| 245 | |a Umformtechnisches Kolloquium in Darmstadt : |b Konf. 13.-14.Marz 1991 | ||
| 260 | |a Darmstadt : |b Inst.für Produktionstechnik, |c 1991 | ||
| 300 | |a (230) s | ||
| 996 | |b J88145 |c J*88145 |l JJST |s P |a 0 |w stu31992_0001 | ||